Statistics for Blink 182 Albums

Click here to take the quiz!

General Stats

  • This quiz has been taken 262 times
    (39 since last reset)
  • The average score is 7 of 11

Answer Stats

Hint Answer % Correct
AlbumDude Ranch
91%
AlbumSelf Titled
91%
AlbumEnema of the State
88%
AlbumNeighbourhoods
88%
AlbumCheshire Cat
85%
AlbumTake Off Your Pants and Jacket
85%
AlbumBuddha
68%
CompliationGreatest Hits
56%
EPDogs Eating Dogs
47%
Live AlbumThe Mark Tom and Travis Show
15%
EPThey Came to Conquer Uranus
6%

Score Distribution

Percentile by Number Answered

Percent of People with Each Score

Your Score History

You have not taken this quiz since the last reset